LEADER 01742nam a2200349 u 4500 001 000000036255 003 CaOOAMICUS 005 20251016094253.0 008 980323s1984 it u000 u ita u 035 $a10786835 040 $aPUL(R)$bita 100 1 $aVilleggiante, Sebastiano.$0(OLS)http://pul/name/27498 245 13$aIl diritto di difesa delle parti nel processo matrimoniale canonico /$cSebastiano Villeggiante. 260 $aRoma :$bAssociazione Canonistica italiana operatori di diritto nei tribunali ecclesiastici,$c1984. 300 $a52 p. ;$c21 cm 490 1 $aStudi di diritto canonico matrimoniale e processuale ;$v2 500 $aRelazione tenuta a Roma l'8 marzo 1984. 504 $aBibliografia in nota. 650 4$aDiritto canonico.$0(OLS)http://pul/subject/1294 650 4$aMatrimonio (diritto).$0(OLS)http://pul/subject/800 830 0$aStudi di diritto canonico matrimoniale e processuale ;$v2.$0(OLS)http://pul/title/49637 850 $aPUL 852 $aPUL$W1$xSL Diritto Canonico 1$y5$m154 D 35$j49688$nBK-PRI$b $qStampati$B49688$CPULBib$Z2$F49688 $81 852 $aPUL$W1$xDP1 Fondo Ciprotti$y59$m1543 C 29$j49689$nBK-PRI$b $qFondi$B49689$CPULBib$Z2$F49689 $81 852 $aPUL$W1$xDP1 Fondo Liberati$y125$m2 G 15$j157452$qFondi$B207206$CPULBib$Z2$F207206 $HLib83 $82 941 1 $a1 941 1 $a8 960 $aDiritto matrimoniale$9800 961 $aINV: 52610 996 $6245$aIl diritto di difesa delle parti nel processo matrimoniale canonico$9(OLS)http://pul/title/49636 996 $6260$aRoma :$bAssociazione Canonistica italiana operatori di diritto nei tribunali ecclesiastici$9(OLS)http://pul/publisher/62847 LEADER 01250nam a2200253 a 4500 001 000000112454 003 CaOOAMICUS 005 20090727115134.0 008 080709s2008 it 000 u ita d 020 $z978-88-6244-023-3* 040 $aPUL$bita$dMCT 100 1 $aMasciarelli, Michele Giulio.$0(OLS)http://pul/name/6689 245 13$aLa grande speranza :$bcommento organico all'Enciclica "Spe salvi" di Benedetto XVI /$cMichele Giulio Masciarelli ; presentazione di Mons. Edoardo Menichelli. 260 $aPian di Porto (Todi) :$bTau Editrice,$c2008. 300 $aXIII, 227 p. ;$c23 cm 490 1 $aFedelmente ;$v1 610 24$aPapi (2005-2013 : Benedictus XVI)$tSpe salvi$xCommenti.$0(OLS)http://pul/subject/34850 830 0$aFedelmente ;$v1.$0(OLS)http://pul/title/141327 850 $aPUL 852 $aPUL$W1$xSL Diritto Canonico 3$y77$m262. 9 MASMI 1$j128663$qDDC 21$B127602$CPULBib$Z2$F127602 $H107700 $82 941 1 $a9 996 $6020$z978-88-6244-023-3*$9(OLS)http://pul/number/138362 996 $6245$aLa grande speranza :$bcommento organico all'Enciclica "Spe salvi" di Benedetto XVI$9(OLS)http://pul/title/141330 996 $6260$aPian di Porto (Todi) :$bTau Editrice$9(OLS)http://pul/publisher/79947